| 000 | 00583nam a22002057a 4500 | ||
|---|---|---|---|
| 003 | 0 | ||
| 005 | 20231211122010.0 | ||
| 008 | 231104b xxu||||| |||| 00| 0 eng d | ||
| 020 | _a978-1-4063-6040-0 | ||
| 050 |
_aTR _bMai231 2020 |
||
| 082 |
_aTR _bMai231 2020 |
||
| 100 | _aCousins, Lucy | ||
| 245 |
_aMaisy learns to swim _cLucy Cousins |
||
| 260 |
_aLondon _bWalker Books and Subsidiaries _cc2020. |
||
| 300 |
_a25 pages : _bcolored illustrations ; _c21 cm. |
||
| 650 | _aConduct of life. | ||
| 650 | _aChildren's literature. | ||
| 650 | _aSwimming. | ||
| 942 |
_2lcc _cBK |
||
| 999 |
_c365562 _d365562 |
||